LEADER 01111nam a2200241 4500 001 000000356253 003 CaOOAMICUS 005 20240117094514.0 008 231129s2020 it a 000 u ita r 020 $a978-88-2301-1* 040 $aSeMil$bita 100 1 $aFacchini, Fiorenzo,$d<1929- >.$0(OLS)http://semarc/name/57014 245 10$aFatti non foste... :$bcome siamo diventati uomini e perché vogliamo rimanere tali /$cFiorenzo Facchini. 264 1$aCinisello Balsamo :$bSan Paolo,$c2020. 300 $a223 p., [8] carte di tav. :$bill. ;$c21 cm 650 4$aEvoluzione culturale - Storia.$0(OLS)http://semarc/subject/30105 850 $aSeMil 852 $aSeMil$W1$xVenegono$y1$m3X II 279$j247158$B247433$CSeMilBibl$Z2$F247433 $81 961 $aBernasconi Rosanna - Omaggio 996 $6020$a978-88-2301-1*$9(OLS)http://semarc/number/299382 996 $6245$aFatti non foste... :$bcome siamo diventati uomini e perché vogliamo rimanere tali$9(OLS)http://semarc/title/446515 996 $6264$aCinisello Balsamo :$bSan Paolo$9(OLS)http://semarc/publisher/30129 LEADER 01135nam a2200253 i 4500 001 000000119485 003 CaOOAMICUS 005 20031028000000.0 008 031028s1996 it u000 u ita u 013 $a92179 040 $aSeMil$bita 245 10$aDon Egidio Viganò all'Università Salesiana :$bdiscorsi, linee operative, testimonianze del 7. successore di don Bosco /$ca cura di Roberto Giannatelli. 250 $aEdizione extracommerciale. 260 $aRoma :$bUPS,$c1996. 300 $a194 p., [8] p. di tav. ;$c21 cm. 500 $aFondo Card. C.M. Martini. 650 4$aViganò, Egidio .$0(OLS)http://semarc/subject/21883 700 1 $aGiannatelli, Roberto .$0(OLS)http://semarc/name/15722 850 $aSeMil 852 $aSeMil$W1$xVenegono$y1$m3G III 48$j74693$B74693$CSeMilBibl$Z2$F88543 $81 941 1 $a4 961 $aOmaggio: Martini Card. Carlo Maria 996 $6245$aDon Egidio Viganò all'Università Salesiana :$bdiscorsi, linee operative, testimonianze del 7. successore di don Bosco$9(OLS)http://semarc/title/175599 996 $6260$aRoma :$bUPS$9(OLS)http://semarc/publisher/45911